| 000 | 01102cab a2200241 4500 | ||
|---|---|---|---|
| 001 | WB2821-37 | ||
| 008 | 090401t1992 xxu||||| |||| 00| 0 eng d | ||
| 035 | _a(Sirsi) u19596 | ||
| 041 | _aeng | ||
| 245 | _aScots land law | ||
| 260 | _c1992 | ||
| 350 | _a0 | ||
| 490 |
_aTimes _v26 May 1992, 24(2) |
||
| 520 | _aIn "CIN Properties Ltd v Dollar Land (Cumberland) Ltd", HL 21 May 1992, it was held that for nearly 130 years it had been well established in the law of Scotland that a conventional irritancy in a lease for nonpayment of rent could not be purged unless it was enforced oppressively. It was not open to HL to bring about any more far reaching development of the law in that field than was thought appropriate by Parliament in enacting Law Reform (Miscellaneous Provisions) (Scotland) Act 1985. | ||
| 650 | _aIRRITANCY CLAUSE | ||
| 650 | _aLAW REFORM (MISCELLANEOUS PROVISIONS) (SCOTLAND) ACT 1985 | ||
| 650 | _aLEASES | ||
| 650 | _aNON-PAYMENT OF RENT | ||
| 650 | _aSCOTLAND | ||
| 690 | _aLANDLORD AND TENANT-CASE LAW-BUSINESS TENANCIES | ||
| 942 | _n0 | ||
| 948 | _c04/03/1997 | ||
| 999 |
_c13099 _d13099 |
||